A cavalo no tempo (Registo nº 28467)

Detalhes MARC
000 -Etiqueta do registo
Valores 00703cam a2200265 4500
010 ## - Número ISBN
ISBN 9722620657
021 ## - Número do Depósito Legal
-- PT
Número 168029/01
090 ## -
-- 28467
100 ## - Dados gerais de processamento
Dados gerais 2007104 d2003 c y0pory5003 ba
101 0# - Língua de publicação
-- por
102 ## - País de publicação
-- PT
105 ## -
-- a z 001yy
106 ## -
-- r
200 1# - Titulo e menção de responsabilidade
Título próprio A cavalo no tempo
Primeira menção de responsabilidade Luísa Ducla Soares
Outras menções de responsabilidade il. Teresa Lima
210 ## - Publicação
Local de publicação Porto
Nome do editor Civilização,
Data de publicação imp. 2003
215 ## - Descrição física 
Paginação / Volumes [34] p.
Outras indicações físicas il.
Dimensões 22 cm
225 2# - Colecção 
Título próprio da colecção Obra completa de Luísa Ducla Soares
675 ## - CDU
Notação 087.5
-- 2104
675 ## - CDU
Notação 821.134.3-93"19"
700 #1 - Autor principal (pessoa individual)
Apelido Soares,
Nome Luísa Ducla,
Datas 1939-
ID Autoridade 2431
702 #1 - Autor secundário (pessoa individual)
Apelido Lima,
Nome Teresa,
Datas 1962-
-- 440
930 ## -
-- BECRE
990 ## - Elementos KOHA
Tipo de documento Livro
995 ## - Localização e informação dos exemplares
-- 18
Exemplares
Situação do levantamento Estado Biblioteca de origem Biblioteca de empréstimo Código de barras Cota Permissão de empréstimo Tipo de documento Forma de aquisição
  Completo Biblioteca do Centro Escolar de Viana do Alentejo Biblioteca do Centro Escolar de Viana do Alentejo 567BV 087.5 SOA Disponível Livro  
  Completo Biblioteca do Centro Escolar de Viana do Alentejo Biblioteca do Centro Escolar de Viana do Alentejo 2082 BV 087.5 SOA Disponível Livro  




Powered by Koha